000 00344nam a2200145Ia 4500
005 20260513122049.0
020 _a9780262538008
100 _aDevenport
365 _c
365 _b25.00
942 _cBK
245 _aThe AI Advantage: How to Put the Artificial Intelligence Revolution to Work
260 _bMIT Press
999 _c18
_d18